000 01071 a2200229 4500
005 20140903175100.0
008 140422s2012 ck o fr|||| 00| 0 spa d
020 _a[sin ISBN]
040 _aCO-BoUCM
_bspa
_cJose A. Gerena
_dJose A. Gerena
041 _aspa
111 2 _aEl derecho de las minorías étnicas a la consulta previa. Retos y perspectivas
_cArchivo General de la Nación, Bogotá
_d5 y 6 de Diciembre de 2012
_960078
245 _aEl derecho de las minorías étnicas a la consulta previa
_cmemorias del seminario
260 _c2013
_aBogotá (Colombia)
_bConsejo de Estado
_bMinisterio del Interior
300 _a137 páginas
650 7 _912857
_aDerechos civiles
_xAspectos sociales
_zColombia
_vCongresos, conferencias, etc
650 7 _919582
_aMinorías
_xAspectos jurídicos
_zColombia
_vCongresos, conferencias, etc
690 _942766
_aDerecho civil
710 1 _aColombia
_bConsejo de Estado
_94021
710 1 _aColombia
_bMinisterio del Interior
_956618
942 _a8
_cLIBRO
_e1
_mD431
_2DEWEY
_h342.08503
999 _c240929
_d240929